00306nam a22001097a 4500020001800000040000900018082001400027100001300041245007300054260003700127300003200164 a9787119116792 cNUST a951 bWIT aYan Bing aWitness to China's reform and opening Up :bSeries of 40 celebrities bForeign languages press,c 2019. a313 p. ; bPaperbackc23 cm